01043cam a2200289 a 4500001000500000005001700005020001500022040002300037050001400060082001200074100001600086245007600102250003300178260010200211300004900313505000800362520015100370521002900521521002000550650002300570650004000593650003600633650002000669650001500689650001700704700003200721440620240820151924.0 a0689714726 aDLCcDLCdDLCbeng00aPN6109.9700a821.0081 aWood, Jenny10aFirst songs & action rhymes /cJenny Wood ; illustrated by Chris McEwan aFirst Aladdin Books edition  aNew York :bAladdin Books ;aNew York :bMaxwell Macmillan International Pub. Group,c1991, 1990. a48 pages : bcolor illustrations ;c28 cm .  aK  aGives the complete, authentic lyrics and music to many well-known English and American lullabies, nursery rhymes, and children's songs and poetry. a510 bLexile estimate  aK bRaz-Plus  0aChildren's poetry. 0aRhyming gamesxJuvenile literature. 0aLullabiesxJuvenile literature. 1aNursery rhymes. 1aLullabies. 1aFinger play.1 aMcEwan, Chriseillustrator